000 00378nam a2200145 i 4500
001 bg
100 1 _aOLESIAKOWA, Hanna
245 0 _aStatyka i wytrzymałość materiałów /
_cHanna Olesiakowa, Janusz Sliżewicz.
260 _aWarszawa,
_c1989.
700 1 _aŚLIŻEWICZ, Janusz
040 _cBPK
041 _apol
942 _cKS
008 s pl f |000 0 pol
999 _c4080
_d4080
856 _uhttp://koha.tu.koszalin.pl/cgi-bin/koha/opac-detail.pl?biblionumber=4080
_yKatalog online BPK